| 000 | 00921nam a2200277 a 4500 | ||
|---|---|---|---|
| 001 | 12323 | ||
| 003 | BD-RjUL | ||
| 005 | 20211208235255.0 | ||
| 008 | 161004s1975 enka b 001 0 eng | ||
| 020 | _a0121082407 | ||
| 035 | _a(BD-RjUL)12372 | ||
| 040 |
_aDLC _cDLC _dDLC _dBD-RjUL _beng |
||
| 041 | _aeng | ||
| 082 | 0 | 0 |
_a579.078 _bSOM 1975 _223 |
| 245 | 0 | 0 |
_aSome methods for microbiological assay / _cedited by R. G. Board and D. W. Lovelock. |
| 260 |
_aLondon ; _aNew York : _bAcademic Press, _c1975. |
||
| 300 |
_axiii, 286 p. : _bill. ; _c24 cm. |
||
| 490 | 1 | _aTechnical series - Society for Applied Bacteriology ; no. 8 | |
| 500 | _aIncludes indexes. | ||
| 650 | 0 |
_aMicrobiology--Technique _9159675 |
|
| 650 | 0 |
_aMicrobiology _9159676 |
|
| 700 | 1 |
_aBoard, R. G. _938276 |
|
| 700 | 1 |
_aLovelock, D. W. _938277 |
|
| 830 |
_aTechnical series - Society for Applied Bacteriology ; no. 8 _9159216 |
||
| 942 |
_2ddc _cBK |
||
| 999 |
_c12323 _d12323 |
||